| 000 | 003490000a22001450004500 | ||
|---|---|---|---|
| 003 | MACL | ||
| 040 | _aMACL | ||
| 090 |
_c33316 _d33314 |
||
| 100 | _aKruglinski, David J | ||
| 245 | _aProgramming Microsoft Visual C++ | ||
| 260 |
_bWP Publishers & Distributors _c1998 |
||
| 350 | _a650 | ||
| 650 | _aComputer Programming | ||
| 942 |
_cBOOK _k005.133/KRU |
||
| 999 |
_c32966 _d32966 |
||